[Event "UAE-ch President Cup"]
[Site "Abu Dhabi"]
[Date "2019.12.23"]
[Round "9"]
[White "Al Hosani, Omran"]
[Black "Salem, Ahmed Salem"]
[Result "0-1"]
[WhiteElo "2289"]
[BlackElo "1934"]
[PlyCount "68"]
[EventDate "2019.12.15"]
[EventType "swiss"]
[EventRounds "9"]
[EventCountry "UAE"]
[SourceTitle "CBM 193 Extra"]
[Source "ChessBase"]
[SourceDate "2020.01.31"]
[SourceVersion "1"]
[SourceVersionDate "2020.01.31"]
[SourceQuality "1"]

1. Nf3 Nf6 2. g3 g6 3. Bg2 Bg7 4. 0-0 0-0 5. c4 c6 6. d4 d5 7. cxd5 cxd5 8. Nc3 e6 9. Bf4 a6 10. Rc1 Nc6 11. Ne5 Nxe5 12. Bxe5 b5 13. Qb3 Qe7 14. Rfd1 Ng4 15. Bxg7 Kxg7 16. a4 b4 17. Nb1 Bd7 18. Rc5 Rfc8 19. Qxb4 Rab8 20. Qa3 Qf6 21. Bf3 Rxc5 22. dxc5 Ne5 23. Nd2 Rxb2 24. Kg2 Nxf3 25. Nxf3 Rxe2 26. Rb1 e5 27. c6 Bc8 28. Qd3 e4 29. Qxe2 exf3+ 30. Qxf3 Bh3+ 31. Kxh3 Qxf3 32. Rc1 Qxf2 33. c7 Qf5+ 34. Kg2 Qc8 0-1

[Event "Dubai op 21st"]
[Site "Dubai"]
[Date "2019.04.03"]
[Round "3"]
[White "Salem, Ahmed Salem"]
[Black "Saurabh, Anand"]
[Result "0-1"]
[WhiteElo "2069"]
[BlackElo "2385"]
[PlyCount "38"]
[EventDate "2019.04.01"]
[EventType "swiss"]
[EventRounds "9"]
[EventCountry "UAE"]
[SourceTitle "CBM 189 Extra"]
[Source "ChessBase"]
[SourceDate "2019.06.03"]
[SourceVersion "1"]
[SourceVersionDate "2019.06.03"]
[SourceQuality "1"]

1. e4 e5 2. Nf3 Nc6 3. d4 exd4 4. Nxd4 Nf6 5. Nxc6 bxc6 6. e5 Qe7 7. Qe2 Nd5 8. c4 Nb6 9. Nd2 Qe6 10. b3 Bb4 11. Bb2 0-0 12. 0-0-0 Qe7 13. h4 a5 14. g4 Ba3 15. Qe4 Qb4 16. Kb1 Bxb2 17. Kxb2 Na4+ 18. Kc1 Qa3+ 19. Kc2 Qxa2+ 0-1

[Event "Wch U12"]
[Site "Durban"]
[Date "2014.09.20"]
[Round "1"]
[White "Zarubitski, Viachaslau"]
[Black "Salem, Ahmed Salem"]
[Result "1-0"]
[WhiteElo "2130"]
[BlackElo "1581"]
[PlyCount "63"]
[EventDate "2014.09.20"]
[EventType "swiss"]
[EventRounds "11"]
[EventCountry "RSA"]
[SourceTitle "CBM 162 Extra"]
[Source "ChessBase"]
[SourceDate "2014.10.17"]
[SourceVersion "1"]
[SourceVersionDate "2014.10.17"]
[SourceQuality "1"]

1. e4 c5 2. Nf3 Nc6 3. Bb5 e6 4. 0-0 Nge7 5. Re1 a6 6. Bf1 Ng6 7. c3 d5 8. d3 Be7 9. Qc2 0-0 10. a4 Rb8 11. g3 b5 12. axb5 axb5 13. h4 Bf6 14. Bg2 d4 15. e5 Ncxe5 16. Nxe5 Nxe5 17. Bf4 dxc3 18. Bxe5 Bxe5 19. Rxe5 cxb2 20. Qxb2 Qxd3 21. Rxc5 b4 22. Nd2 h6 23. Ra7 Rd8 24. Ne4 b3 25. Rcc7 Rd7 26. Kh2 Rxc7 27. Rxc7 e5 28. Qxe5 Be6 29. Rxf7 Bxf7 30. Qxb8+ Kh7 31. Qb7 Qc4 32. Nd6 1-0

[Event "Wch U12"]
[Site "Al Ain"]
[Date "2013.12.27"]
[Round "10"]
[White "Titus, Andrew L"]
[Black "Salem, Ahmed Salem"]
[Result "1-0"]
[WhiteElo "1750"]
[BlackElo "1588"]
[PlyCount "53"]
[EventDate "2013.12.18"]
[EventType "swiss"]
[EventRounds "11"]
[EventCountry "UAE"]
[SourceTitle "CBM 158 Extra"]
[Source "ChessBase"]
[SourceDate "2014.02.28"]
[SourceVersion "1"]
[SourceVersionDate "2014.02.28"]
[SourceQuality "1"]

1. e4 c5 2. Nf3 Nc6 3. d4 cxd4 4. Nxd4 e5 5. Nb5 d6 6. N1c3 a6 7. Na3 Be7 8. Nc4 b5 9. Ne3 Be6 10. Ncd5 Nf6 11. Nxf6+ Bxf6 12. c3 0-0 13. Be2 Rc8 14. 0-0 Ne7 15. a4 d5 16. exd5 Nxd5 17. axb5 axb5 18. Nxd5 Bxd5 19. Bxb5 Be7 20. Qe2 Qc7 21. Rd1 Rcd8 22. Be3 Bc5 23. Bxc5 Qxc5 24. Bd3 f6 25. Qh5 e4 26. Bxe4 g6 27. Bxd5+ 1-0